LEADER 01329nam a2200301 u 4500 001 000000049979 003 CaOOAMICUS 005 20070226115154.0 008 000718s1989 gw c u000 u ger u 020 $a3799570551 035 $a10852438 040 $aPUL(R)$bita 100 1 $aElsener, Ferdinand.$0(OLS)http://pul/name/36047 245 10$aStudien zur Rezeption des gelehrten Rechts :$bausgewählte Aufsätze /$cFerdinand Elsener : herausgegeben von Friederich Ebel und Dietmer Willoweit. 260 $aSigmaringen :$bThorbecke,$c1989. 300 $a297 p., [1] c. di tav. :$britr. ;$c24 cm 500 $aIndici: p.[265]-297. 504 $aBibliografia in nota. 650 4$aDiritto comune$xStoria.$0(OLS)http://pul/subject/21026 700 1 $aDietmar, Willoweit.$0(OLS)http://pul/name/36048 700 1 $aEbel, Friedrich.$0(OLS)http://pul/name/30883 850 $aPUL 852 $aPUL$W1$xDP1 Fondo Maccarrone$y58$m1519 C 23$j66311$n $b $qFondi$B66311$CPULBib$Z2$F66311 $H $81 941 1 $a1 961 $aINV: 4930 F. Maccarrone 996 $6020$a3799570551$9(OLS)http://pul/number/63206 996 $6245$aStudien zur Rezeption des gelehrten Rechts :$bausgewählte Aufsätze$9(OLS)http://pul/title/67315 996 $6260$aSigmaringen :$bThorbecke$9(OLS)http://pul/publisher/55331 LEADER 01300nam a2200301 a 4500 001 000000144239 003 CaOOAMICUS 005 20150622121038.0 008 150622s1982 it u000 u ita r 040 $aPUL$bita 041 1 $aita$hger 100 1 $aLinnemann, Eta.$0(OLS)http://pul/name/92576 240 10$aGleichnisse Jesu.$lItaliano.$0(OLS)http://pul/title/32758 245 13$aLe parabole di Gesù :$bintroduzione e interpretazione /$cEta Linnemann ; introduzione all'edizione italiana di Giuseppe Segalla. 260 $aBrescia :$bQueriniana,$c1982. 300 $a165 p. ;$c23 cm 490 1 $aStrumenti ;$v24 504 $aBibliografia in nota. 600 04$aIesus Christus$xParabole.$0(OLS)http://pul/subject/15760 700 1 $aSegalla, Giuseppe,$csac.,$d1932-2011.$0(OLS)http://pul/name/58522 830 0$aStrumenti (Queriniana) ;$v24.$0(OLS)http://pul/title/142 850 $aPUL 852 $aPUL$W1$xDP1 Fondo S. Lanza$y121$m3 D 86.24$j166306$qFondi$q $B166889$CPULBib$Z2$F166889 $HLan695 $81 941 1 $a1 961 $aNota ms. di possesso: Sergio Lanza 996 $6245$aLe parabole di Gesù :$bintroduzione e interpretazione$9(OLS)http://pul/title/182505 996 $6260$aBrescia :$bQueriniana$9(OLS)http://pul/publisher/47906